Managers for the year 2000

Bibliographic Details
Other Authors: Newman, William H.
Format: Book
Published: Englewood Cliffs : Prentice Hall 1978
Subjects:

MARC

LEADER 00000cam a2200000 7i4500
001 0000004457
005 20200304.0
020 |a 0135493781c 
040 |a INS 
090 0 0 |a HD29.   |b M33 1978 
245 0 0 |a Managers for the year 2000   |c Edited by William H. Newman 
264 1 |a Englewood Cliffs :   |b Prentice Hall   |c 1978 
300 |a x, 133pages ;   |c 23 cm. 
650 0 0 |a Economic forecasting   |x Congresses 
650 0 0 |a Industrial management   |x Congresses 
700 1 |a Newman, William H. 
999 |a 0000001074   |b BOOK   |c Open Shelf   |e Default branch